000
00250nam a22000857a 4500
008
160629b xxu||||| |||| 00| 0 eng d
100
_9
1403
_a
Mittal, R.S., et al
245
_a
New Course Science and Technology Physics - IX
260
_a
NEW DELHI
_b
ARYA
_c
2003
999
_c
1160
_d
1160